| 000 | 00807nam a22002537a 4500 | ||
|---|---|---|---|
| 001 | 59234 | ||
| 003 | UA-OsUOA | ||
| 005 | 20200122163358.0 | ||
| 007 | ta | ||
| 008 | 20090316b un ||||| |||| 00| 0 ukr d | ||
| 020 | _a9663642572 | ||
| 040 |
_aUA-OsUOA _bukr _cUA-OsUOA _dUA-OsUOA |
||
| 041 | _aukr | ||
| 080 | _a81'1(075.8) | ||
| 090 |
_a81'1(075.8) _bД69 |
||
| 100 | _aДорошенко С. І. | ||
| 245 |
_aЗагальне мовознавство _bнавч. посіб. |
||
| 260 |
_aК. _bЦентр учбової літератури _c2006 |
||
| 300 | _a288 с. | ||
| 650 | 7 |
_a8 Мовознавство. Художня література. Літературознавство _2UDC |
|
| 942 |
_cBK _2udc |
||
| 955 | _a0 | ||
| 999 |
_c345314 _d345314 |
||